The constitution of India (Record no. 2556)

MARC details
000 -LEADER
fixed length control field 00787 a2200205 4500
008 - FIXED-LENGTH DATA ELEMENTS--GENERAL INFORMATION
fixed length control field 090227t xxu||||| |||| 00| 0 eng d
020 ## - INTERNATIONAL STANDARD BOOK NUMBER
International Standard Book Number 8175345004
Terms of availability 150.00
035 ## - SYSTEM CONTROL NUMBER
System control number B-157834
037 ## - SOURCE OF ACQUISITION
Source of stock number/acquisition RP-ZLS-2434 / PANSY-06-07:4 / RP-06-07:ENG
082 ## - DEWEY DECIMAL CLASSIFICATION NUMBER
Classification number 342.54
100 ## - MAIN ENTRY--PERSONAL NAME
Personal name Bakshi, P.M.
245 ## - TITLE STATEMENT
Title The constitution of India
Statement of responsibility, etc by P.M. Bakshi
250 ## - EDITION STATEMENT
Edition statement 7th ed
260 ## - PUBLICATION, DISTRIBUTION, ETC. (IMPRINT)
Place of publication, distribution, etc Delhi
Name of publisher, distributor, etc Universal Law Publishing
Date of publication, distribution, etc 2006
270 ## - ADDRESS
Address C-FF-1A, Dilkhush Industrial Estate, Opp. Hans Cinema, Azadpur, G.T. Karnal Road
State or province Delhi
Postal code 110033
Telephone number 27438103
Fax number 27458529
Electronic mail address sales@unilawbooks.com
300 ## - PHYSICAL DESCRIPTION
Extent cii, 437, 5 p
Dimensions 24 cm (pbk)
500 ## - GENERAL NOTE
General note includes index
942 ## - ADDED ENTRY ELEMENTS (KOHA)
Institution code [OBSOLETE] dpl
Item type English Books
Call number prefix 342.54 / BAK
Source of classification or shelving scheme Dewey Decimal Classification
Holdings
Withdrawn status Lost status Source of classification or shelving scheme Damaged status Not for loan Home library Current library Total Checkouts Total Renewals Barcode Date last seen Cost, replacement price Koha item type
    Dewey Decimal Classification     Sarojini Nagar Sarojini Nagar 9 4 B-157834 08/12/2023 25.00 English Books

© Delhi Public Library
Hit Counter
free hit counter